Look at me, please look at me: (Record no. 5678)

MARC details
000 -LEADER
fixed length control field 00672nam a22001937a 4500
003 - CONTROL NUMBER IDENTIFIER
control field GBCCL
005 - DATE AND TIME OF LATEST TRANSACTION
control field 20241126110547.0
008 - FIXED-LENGTH DATA ELEMENTS--GENERAL INFORMATION
fixed length control field 180404b ||||| |||| 00| 0 eng d
020 ## - INTERNATIONAL STANDARD BOOK NUMBER
International Standard Book Number 0912692111
040 ## - CATALOGING SOURCE
Transcribing agency gbc
082 ## - DEWEY DECIMAL CLASSIFICATION NUMBER
Classification number 261.83227
Item number CLA
100 ## - MAIN ENTRY--PERSONAL NAME
Personal name Clark, Dorothy
9 (RLIN) 10246
245 ## - TITLE STATEMENT
Title Look at me, please look at me:
Remainder of title The moving and beautiful account of two women's struggle to accept mentally handicapped children, a struggle that ended in love /
Statement of responsibility, etc. Dorothy Clark, Et. al.
250 ## - EDITION STATEMENT
Edition statement 2nd Printing
260 ## - PUBLICATION, DISTRIBUTION, ETC.
Place of publication, distribution, etc. Elgin:
Name of publisher, distributor, etc. David C. Cook Publishing Co.,
Date of publication, distribution, etc. 1973
300 ## - PHYSICAL DESCRIPTION
Extent 125 p.;
Dimensions 18 cm.
650 ## - SUBJECT ADDED ENTRY--TOPICAL TERM
Topical term or geographic name entry element Church Work
Form subdivision Mental disabilities
9 (RLIN) 10247
942 ## - ADDED ENTRY ELEMENTS (KOHA)
Source of classification or shelving scheme Dewey Decimal Classification
Koha item type Books
Holdings
Withdrawn status Lost status Source of classification or shelving scheme Damaged status Not for loan Home library Current Library Shelving location Date acquired Total checkouts Full call number Barcode Date last seen Copy number Price effective from Koha item type
    Dewey Decimal Classification     GRACE BIBLE COLLEGE GRACE BIBLE COLLEGE Ministry & Mission 2018-04-04   261.83227 CLA 009826 2025-05-01 c.1 2018-04-04 Books
© Grace Bible College Library 2025